Holds of Skyrim - Statistics

General Stats
  • This quiz has been taken 57 times
  • The average score is 7 of 9
Answer Stats
Hold Capital % Correct
The Pale Dawnstar
87%
The Rift Riften
87%
The Reach Markarth
83%
Whiterun Whiterun
83%
Winterhold Winterhold
81%
Falkreath Falkreath
79%
Eastmarch Windhelm
74%
Hjaalmarch Morthal
64%
Haafingar Solitude
58%
No matching quizzes found
Score Distribution
Percent of People with Each Score
Percentile by Number Answered
Your Score History
You have not taken this quiz